| 000 | 00710nam a2200205Ia 4500 | ||
|---|---|---|---|
| 003 | GCL | ||
| 008 | 140319s9999 xx 000 0 ara d | ||
| 040 |
_aGCL / _cGCL |
||
| 082 | 0 | 4 |
_a390.24 _bم ت |
| 100 | 1 | _aمحمد ابوحسان | |
| 245 | 1 | 0 |
_aتراث البدو القضائى نظريا وعمليا / _cمحمد ابوحسان |
| 260 |
_aالاردن : _bوزارة الثقافة الاردنية ، _c2005 |
||
| 300 |
_a893 ص ؛ _c24 سم |
||
| 650 | 0 | 4 | _aالقبائل العربية |
| 650 | 0 | 4 | _aالبدو |
| 650 | 0 | 4 | _aالاجتماع البدوى |
| 650 | 0 | 4 | _aالبدو - العادات والتقاليد |
| 650 | 0 | 4 | _aالبدو - قوانين وتشريعات |
| 942 |
_2ddc _cBK |
||
| 999 |
_c8375 _d8375 |
||